Wszystkie przystanki linii tramwajowej numer 11 we Wrocławiu - Statystyki

Ogólne statystyki
  • Ten quiz został rozwiązany 17 razy
    7 od ostatniego zresetowania
  • Średni wynik to 23 z 26
Statystyki odpowiedzi
Odpowiedź % Poprawnych
Bzowa Centrum Historii Zajezdnia
100%
Galeria Dominikańska
100%
Grabiszyńska
100%
Grabiszyńska Cmentarz
100%
Grabiszyńska Cmentarz II
100%
Oporów Oporów
100%
pl. Bema
100%
pl. Nowy Targ
100%
pl. Srebrny
100%
Świdnicka
100%
Zamkowa
100%
Fat
86%
Fiołkowa
86%
Hala Targowa
86%
Hutmen
86%
Kolejowa
86%
Kromera
86%
Mosty Warszawskie
86%
Narodowe Forum Muzyki
86%
pl. Legionów
86%
Stalowa
86%
Pereca
71%
Daszyńskiego
57%
Jedności Narodowej
57%
Na Szańcach
57%
Nowowiejska
57%
Nie znaleziono quizów pasujących do podanych kryteriów
Rozkład punktacji
Procent ludzi z każdym wynikiem
Percentyl według liczby udzielonych odpowiedzi
Twoja historia wyników
Nie rozwiązałeś tego quizu od ostatniego zresetowania